| 000 | 01117nam a2200265 a 4500 | ||
|---|---|---|---|
| 008 | 060316s1993 ||||||||||||||||| || u | ||
| 020 | _a0195209907 | ||
| 050 | _aIBRD(02)1993/82 | ||
| 100 | _aJamison, Dean T | ||
| 245 | 1 | 0 |
_aDisease control priorities in developing countries _cEdited by Dean T. Jamison, W. Henry Mosley, Anthony R. Measham and Jose Luis Bobadilla |
| 260 |
_aNew York, N.Y. : _bOxford University Press _cc1993- |
||
| 300 | _axvii, 745p.:ill. | ||
| 350 | _a0.00 | ||
| 490 | _aOxford medical publications | ||
| 500 | _aIncludes bibliographical references. | ||
| 650 | 0 | _aCOMMUNICABLE DISEASE CONTROL--ECONOMICS | |
| 650 | _aMEDICINE, PREVENTIVE--DEVELOPING COUNTRIES | ||
| 650 | 0 | _aHEALTH POLICY--ECONOMICS | |
| 650 | _aHEALTH PLANNING--DEVELOPING COUNTRIES | ||
| 650 | _aPUBLIC HEALTH--DEVELOPING COUNTRIES | ||
| 650 | 0 | _aHEALTH PRIORITIES--ECONOMICS | |
| 650 | 0 | _aDEVELOPING COUNTRIES--ECONOMICS | |
| 710 | _aWorld Bank | ||
| 995 |
_D0.00 _FCBU-MAIN LIBRARY (Kitwe) _H1 _I0.00 _UAVAILABLE _WJun 28, 2007 _ZInternational Publications |
||
| 999 |
_c40315 _d40315 |
||